| 000 | 00000nam##2200000za#4500 |
| 001 | 9.684603 |
| 003 | CaOODSP |
| 005 | 20220107103935 |
| 007 | ta |
| 008 | 150407|2009||||xxc||||| f|0| 0 fre|d |
| 020 | |a978-1-100-91540-1 |
| 040 | |aCaOODSP|bfre |
| 043 | |an-cn--- |
| 086 | 1 |aHP40-38/2009F |
| 110 | 2 |aCentre de prévention et de contrôle des maladies infectieuses (Canada) |
| 245 | 10|aGuide des parents sur la vaccination |
| 260 | |bAgence de santé publique du Canada. |cc2009. |
| 300 | |a15p. : |bfigure, photographies ; |c14 cm. |
| 563 | |aCouverture souple |
| 590 | |a09-26|b2009-06-26 |
| 691 | 07|aImmunisation|2gcpds |
| 775 | 08|tA parent's guide to immunization |w(CaOODSP)9.651584 |
| 775 | 08|tA parent's guide to immunization |w(CaOODSP)9.652098 |
| 775 | 08|tA parent's guide to immunization |w(CaOODSP)9.671939 |
| 775 | 08|tA parent's guide to immunization |w(CaOODSP)9.672527 |
| 775 | 08|tGuide des parents sur la vaccination |w(CaOODSP)9.672528 |
| 775 | 08|tA parent's guide to immunization |w(CaOODSP)9.672529 |
| 775 | 08|tGuide des parents sur la vaccination |w(CaOODSP)9.671940 |
| 775 | 08|tGuide des parents sur la vaccination |w(CaOODSP)9.672530 |
| 776 | 0#|tGuide des parents sur la vaccination |w(CaOODSP)9.636419 |